Statistics for The Logical Elimination Click Quiz

Click here to take the quiz!

General Stats

  • This quiz has been taken 7,613 times
  • The average score is 13 of 26

Answer Stats

HintAnswer% Correct
I am equal to mc²E
86%
No country begins with meX
81%
I am the chemical symbol of PotassiumK
73%
I appear twice in the name of the Polish capitalW
64%
I appear in YerevanY
62%
I can be found 3 times in the country name of TorontoA
61%
I am the last letter of the first country alphabeticallyN
61%
I am a vowel in consonantO
61%
I am a consonant in the name of the French national capitalP
56%
You can find me in Nevada's postal state codeV
54%
I can be found in UzbekistanZ
54%
I am a letter in JetPunkJ
52%
I am a blood groupB
50%
I appear 4 times in "Mississippi"I
50%
I am needed to write the country of HavanaC
47%
I am a consonant in vowelL
47%
I am a direction on a compassS
47%
You can find me in a jiffyF
46%
I am a vowelU
39%
There is only one capital that begins with meQ
37%
I am needed to write the country name of TehranR
34%
I appear in courtT
34%
You can find me in a hamburgerG
31%
I appear in this sentenceH
30%
I have a vertical line of symmetryM
28%
I am the remaining letterD
25%

Score Distribution

Percentile by Number Answered

Percent of People with Each Score

Your Score History

You have not taken this quiz